| 000 | 00539nam a22001937a 4500 | ||
|---|---|---|---|
| 003 | OSt | ||
| 005 | 20210416111151.0 | ||
| 008 | 210227s1965 ||||| |||| 00| 0 eng d | ||
| 040 |
_aeng _beng _cDLC |
||
| 041 | _aeng | ||
| 080 |
_a821.111 _bH-15 |
||
| 100 |
_9476 _aHaggard, William |
||
| 245 |
_aThe High Wire _c/ by: Penguin Books |
||
| 260 |
_aVictoria, Australia _bPenguin Books _c1965 |
||
| 300 | _a189 p. | ||
| 650 | 0 |
_9254 _aEnglish literature |
|
| 653 | _aინგლისური ლიტერატურა | ||
| 942 |
_2udc _cBK |
||
| 999 |
_c1987 _d1987 |
||